[Event "GER-chT U20"]
[Site "Magdeburg"]
[Date "2023.12.30"]
[Round "7.4"]
[White "Buchinger, Alexis"]
[Black "Jaeger, Matti"]
[Result "1-0"]
[WhiteElo "1823"]
[BlackElo "1914"]
[PlyCount "93"]
[EventDate "2023.12.26"]
[EventType "team-swiss"]
[EventRounds "7"]
[EventCountry "GER"]
[SourceTitle "CB03_2024"]
[SourceDate "2024.01.17"]
[SourceVersion "1"]
[SourceVersionDate "2024.01.17"]
[SourceQuality "1"]
[WhiteTeam "Neuberg"]
[BlackTeam "Koenigsjaeger Sued West"]
[WhiteTeamCountry "GER"]
[BlackTeamCountry "GER"]

1. e4 c6 2. Nf3 d5 3. Nc3 Bg4 4. h3 Bxf3 5. Qxf3 e6 6. Be2 Nd7 7. d3 Ngf6 8. 0-0 Be7 9. Qg3 d4 10. Nb1 g6 11. Bh6 Qa5 12. f4 Bf8 13. Bxf8 Rxf8 14. Na3 0-0-0 15. Nc4 Qc7 16. Qh4 b5 17. Nd2 h5 18. a4 b4 19. Nc4 Ng8 20. a5 c5 21. Qg5 Nb8 22. f5 exf5 23. exf5 Ne7 24. f6 Nf5 25. Bxh5 Rde8 26. Bg4 Nd7 27. Qf4 Re6 28. Qxc7+ Kxc7 29. Bxf5 gxf5 30. Rxf5 Rxf6 31. Rxf6 Nxf6 32. Re1 Nd7 33. g4 Rg8 34. Rf1 f6 35. Kf2 Kc6 36. Re1 f5 37. Re6+ Kc7 38. gxf5 Rg5 39. Nd6 Rh5 40. Kg3 Rg5+ 41. Kf3 Rg1 42. Kf2 Rh1 43. Kg2 Rc1 44. Nb5+ Kd8 45. Re2 Nf6 46. Nd6 Nd5 47. Kf3 1-0

[Event "GER-chT U20"]
[Site "Magdeburg"]
[Date "2023.12.28"]
[Round "4.3"]
[White "Helmbrecht, Paul"]
[Black "Buchinger, Alexis"]
[Result "1-0"]
[WhiteElo "1712"]
[BlackElo "1823"]
[PlyCount "114"]
[EventDate "2023.12.26"]
[EventType "team-swiss"]
[EventRounds "7"]
[EventCountry "GER"]
[SourceTitle "CB03_2024"]
[SourceDate "2024.01.17"]
[SourceVersion "1"]
[SourceVersionDate "2024.01.17"]
[SourceQuality "1"]
[WhiteTeam "Ergolding"]
[BlackTeam "Neuberg"]
[WhiteTeamCountry "GER"]
[BlackTeamCountry "GER"]

1. c4 Nf6 2. g3 e6 3. Bg2 Be7 4. Nf3 0-0 5. 0-0 d5 6. d3 c6 7. b3 Nbd7 8. Bb2 b6 9. Nbd2 Bb7 10. e3 Re8 11. Qe2 Bd6 12. e4 dxe4 13. dxe4 e5 14. Nb1 Nf8 15. Rd1 Qc7 16. Nc3 Ng6 17. a3 a5 18. Bc1 h6 19. Be3 Rad8 20. Na4 c5 21. Nd2 Be7 22. Nc3 Ba6 23. Nd5 Nxd5 24. exd5 Bc8 25. Qh5 Nf4 26. gxf4 exf4 27. Ne4 fxe3 28. fxe3 Bd6 29. Nxd6 Rxd6 30. e4 Rg6 31. Rd3 Re5 32. d6 Qxd6 33. Rxd6 Rxh5 34. Rd8+ Kh7 35. Rxc8 Rd6 36. Rf1 Rd2 37. Rf2 Rd1+ 38. Rf1 Rd2 39. Rf2 Rd1+ 40. Bf1 f6 41. Rc6 Rb1 42. Rxb6 Rg5+ 43. Rg2 a4 44. Rxg5 hxg5 45. b4 cxb4 46. axb4 a3 47. Ra6 Rxb4 48. Rxa3 Rb7 49. Rc3 Kg8 50. Kf2 Kf7 51. Ke3 Ke7 52. c5 Ra7 53. c6 Kd6 54. Ba6 Re7 55. Kd4 Rc7 56. Bb7 Re7 57. Rc5 Kc7 1-0

[Event "GER-chT U20"]
[Site "Magdeburg"]
[Date "2023.12.27"]
[Round "1.5"]
[White "Buchinger, Alexis"]
[Black "Epp, Magnus"]
[Result "1/2-1/2"]
[WhiteElo "1823"]
[BlackElo "1478"]
[PlyCount "125"]
[EventDate "2023.12.26"]
[EventType "team-swiss"]
[EventRounds "7"]
[EventCountry "GER"]
[SourceTitle "CB03_2024"]
[SourceDate "2024.01.17"]
[SourceVersion "1"]
[SourceVersionDate "2024.01.17"]
[SourceQuality "1"]
[WhiteTeam "Neuberg"]
[BlackTeam "Biberach"]
[WhiteTeamCountry "GER"]
[BlackTeamCountry "GER"]

1. e4 c5 2. Nf3 e6 3. c3 Nc6 4. d4 cxd4 5. cxd4 d5 6. exd5 exd5 7. Nc3 Nf6 8. Bg5 Be7 9. Bb5 0-0 10. 0-0 Bg4 11. Bxc6 bxc6 12. Qd3 Bxf3 13. Qxf3 Re8 14. Rfe1 Nd7 15. Bxe7 Rxe7 16. Re3 Rxe3 17. Qxe3 Nf6 18. Rc1 c5 19. b3 Rc8 20. Ne2 c4 21. h3 Qa5 22. bxc4 dxc4 23. Nc3 h6 24. Rd1 Nd5 25. Nxd5 Qxd5 26. Qc3 Rc6 27. Kf1 Rg6 28. Qf3 Qb5 29. d5 c3+ 30. Qe2 c2 31. Rc1 Qxd5 32. f3 Qxa2 33. Qxc2 Qxc2 34. Rxc2 a5 35. Rc8+ Kh7 36. Ra8 Rg5 37. Ra7 Kg6 38. Kf2 Rb5 39. Kg3 h5 40. Ra6+ f6 41. h4 Kf5 42. Ra7 g6 43. Kh3 g5 44. hxg5 fxg5 45. g3 Ke5 46. Rh7 Kd4 47. Kg2 g4 48. fxg4 hxg4 49. Rg7 Rb2+ 50. Kf1 Ke3 51. Rxg4 Kf3 52. Rf4+ Kxg3 53. Ra4 Rb5 54. Ke2 Rd5 55. Ke3 Re5+ 56. Kd4 Rh5 57. Kc4 Kf2 58. Ra3 Ke2 59. Rb3 Kd2 60. Rb2+ Kc1 61. Rb5 Rxb5 62. Kxb5 a4 63. Kxa4 1/2-1/2

[Event "Marburg op-A"]
[Site "Marburg"]
[Date "2023.10.29"]
[Round "6"]
[White "Buchinger, Alexis"]
[Black "Grunwald, Jonathan"]
[Result "1/2-1/2"]
[WhiteElo "1885"]
[BlackElo "1749"]
[PlyCount "121"]
[EventDate "2023.10.26"]
[EventType "swiss"]
[EventRounds "7"]
[EventCountry "GER"]
[SourceTitle "CB49_2023"]
[SourceDate "2023.12.06"]
[SourceVersion "1"]
[SourceVersionDate "2023.12.06"]
[SourceQuality "1"]

1. e4 e5 2. Nf3 Nc6 3. Bc4 Nf6 4. d3 Bc5 5. c3 0-0 6. 0-0 h6 7. Re1 d6 8. Nbd2 Be6 9. Bb3 Qd7 10. Nf1 Rae8 11. Be3 Bb6 12. Bc2 d5 13. Bxb6 axb6 14. Ng3 dxe4 15. Nxe4 Nxe4 16. dxe4 Ra8 17. Qxd7 Bxd7 18. Bb3 Bg4 19. Rad1 Na5 20. Rd5 Nxb3 21. axb3 f6 22. b4 Ra2 23. Rd2 Kf7 24. h3 Bxf3 25. gxf3 Ke6 26. Red1 Rfa8 27. Rd7 Ra1 28. Kg2 Rxd1 29. Rxd1 Ke7 30. Kg3 Ra2 31. Rd2 Ra1 32. f4 Rg1+ 33. Kh2 Re1 34. fxe5 Rxe4 35. exf6+ Kxf6 36. Rd7 Re7 37. Rxe7 Kxe7 38. Kg3 Ke6 39. Kf4 b5 40. b3 g6 41. c4 bxc4 42. bxc4 b5 43. cxb5 Kd5 44. h4 Kc4 45. Ke5 Kxb4 46. Kf6 g5 47. h5 Kxb5 48. Kg6 c5 49. Kxh6 c4 50. Kg6 c3 51. h6 c2 52. h7 c1Q 53. h8Q Qc2+ 54. Kxg5 Qxf2 55. Qb8+ Kc6 56. Qa8+ Kd6 57. Qd8+ Kc6 58. Qe8+ Kd6 59. Qg6+ Kd5 60. Qf5+ Qxf5+ 61. Kxf5 1/2-1/2

[Event "GER-ch U12"]
[Site "Willingen"]
[Date "2023.05.28"]
[Round "2"]
[White "Buchinger, Alexis"]
[Black "Shevchenko, Igor1111"]
[Result "1-0"]
[WhiteElo "1943"]
[BlackElo "1432"]
[PlyCount "75"]
[EventDate "2023.05.27"]
[EventType "swiss"]
[EventRounds "9"]
[EventCountry "GER"]
[SourceTitle "CBM 214 Extra"]
[Source "ChessBase"]
[SourceDate "2023.07.31"]
[SourceVersion "1"]
[SourceVersionDate "2023.07.31"]
[SourceQuality "1"]

1. e4 c6 2. Nf3 d5 3. Nc3 Nf6 4. e5 Nfd7 5. d4 e6 6. Be3 Qb6 7. a3 c5 8. Qd2 Nc6 9. dxc5 Bxc5 10. Bxc5 Qxc5 11. Qg5 Kf8 12. Bd3 h6 13. Qf4 d4 14. Ne2 Qa5+ 15. Qd2 Qb6 16. 0-0-0 Ndxe5 17. Nxe5 Nxe5 18. Be4 Ke7 19. Qxd4 Qxd4 20. Rxd4 Nc6 21. Rc4 Bd7 22. Rd1 Rhd8 23. Nd4 Rac8 24. Nb5 a6 25. Nd6 Rc7 26. Nxb7 Rb8 27. Na5 Rbc8 28. Rxd7+ Kxd7 29. Bxc6+ Rxc6 30. Rxc6 Rxc6 31. Nxc6 Kxc6 32. Kd2 g5 33. g4 f5 34. f3 f4 35. Kd3 Kd5 36. c4+ Kd6 37. b4 e5 38. Ke4 1-0

[Event "GER-ch U12"]
[Site "Willingen"]
[Date "2023.05.28"]
[Round "1"]
[White "Junge, Mattheo Gabriel"]
[Black "Buchinger, Alexis"]
[Result "1/2-1/2"]
[WhiteElo "1302"]
[BlackElo "1943"]
[PlyCount "107"]
[EventDate "2023.05.27"]
[EventType "swiss"]
[EventRounds "9"]
[EventCountry "GER"]
[SourceTitle "CBM 214 Extra"]
[Source "ChessBase"]
[SourceDate "2023.07.31"]
[SourceVersion "1"]
[SourceVersionDate "2023.07.31"]
[SourceQuality "1"]

1. e4 e5 2. Nf3 Nc6 3. Bb5 Nf6 4. d3 Bc5 5. 0-0 d6 6. h3 Bd7 7. Re1 Ne7 8. Bxd7+ Qxd7 9. c3 Ng6 10. d4 Bb6 11. a4 c6 12. Na3 0-0 13. Nc4 Bc7 14. Bg5 Qe6 15. Bxf6 Qxf6 16. dxe5 dxe5 17. Ne3 Nf4 18. Nf5 Rad8 19. Qc2 g6 20. Nh6+ Kg7 21. Ng4 Qe6 22. Kh2 h5 23. Ne3 Rd3 24. Rad1 Rfd8 25. Rxd3 Rxd3 26. Rd1 Qd7 27. Rxd3 Qxd3 28. Qb3 b6 29. Ng5 Qd7 30. g3 Nd3 31. Qc2 f6 32. Nf3 a5 33. Qd2 Qd8 34. Ne1 Nxe1 35. Qxe1 Qd3 36. Qd1 Qxd1 37. Nxd1 b5 38. b3 Bb6 39. Kg2 Kf7 40. Kf3 Ke6 41. Ke2 f5 42. f3 fxe4 43. fxe4 Kd6 44. Kd3 Ba7 45. Kd2 Bg1 46. Nb2 Bh2 47. g4 Bf4+ 48. Ke2 Bg5 49. Nd3 hxg4 50. hxg4 Bd8 51. c4 b4 52. Kf3 c5 53. Nf2 Ke6 54. Nh3 1/2-1/2

[Event "BL2-West 2223"]
[Site "Germany"]
[Date "2023.03.19"]
[Round "10.8"]
[White "Dzierzenga, Stefan"]
[Black "Buchinger, Alexis"]
[Result "1/2-1/2"]
[WhiteElo "2179"]
[BlackElo "1850"]
[PlyCount "29"]
[EventDate "2022.10.22"]
[EventType "team-tourn"]
[EventRounds "10"]
[EventCountry "GER"]
[SourceTitle "EXT 2024"]
[Source "ChessBase"]
[SourceDate "2023.10.10"]
[SourceVersion "1"]
[SourceVersionDate "2023.10.10"]
[SourceQuality "1"]
[WhiteTeam "Siegburg"]
[BlackTeam "Neuberg"]
[WhiteTeamCountry "GER"]
[BlackTeamCountry "GER"]

1. e4 e5 2. Nf3 Nc6 3. Bb5 a6 4. Ba4 d6 5. 0-0 Bg4 6. h3 Bh5 7. c3 Qf6 8. d3 Nge7 9. Be3 h6 10. Nbd2 g5 11. Re1 Bg7 12. b4 0-0 13. b5 axb5 14. Bxb5 Nd8 15. d4 1/2-1/2

[Event "Walsrode Chessemy op-A"]
[Site "Walsrode"]
[Date "2023.03.08"]
[Round "5"]
[White "Buchinger, Alexis"]
[Black "Polster, Christian"]
[Result "1-0"]
[WhiteElo "1850"]
[BlackElo "2273"]
[PlyCount "105"]
[EventDate "2023.03.04"]
[EventType "swiss"]
[EventRounds "9"]
[EventCountry "GER"]
[SourceTitle "CBM 213 Extra"]
[Source "ChessBase"]
[SourceDate "2023.05.31"]
[SourceVersion "1"]
[SourceVersionDate "2023.05.31"]
[SourceQuality "1"]

1. e4 c5 2. Nf3 Nc6 3. Bb5 g6 4. Bxc6 dxc6 5. d3 Bg7 6. Nc3 e5 7. Be3 Qe7 8. Qe2 Nf6 9. h3 Nd7 10. 0-0-0 Nf8 11. Rdf1 Ne6 12. Qd2 h5 13. Ng5 b6 14. Nxe6 Bxe6 15. f4 exf4 16. Bxf4 0-0-0 17. Kb1 Qb7 18. Bg5 Rd7 19. Bf6 Bxf6 20. Rxf6 Qa6 21. Qe3 Qa5 22. a3 Rhd8 23. Rd1 c4 24. d4 b5 25. Na2 Qb6 26. c3 a5 27. Qg5 Re8 28. Kc2 Qd8 29. Rdf1 Kb7 30. Qc5 Qe7 31. Qxe7 Rdxe7 32. Nc1 h4 33. R1f4 g5 34. Rf2 Rg8 35. Rh6 Bd7 36. e5 Be6 37. Ne2 Rd7 38. Ng1 b4 39. Nf3 bxa3 40. bxa3 Ka6 41. Nd2 Bd5 42. Nxc4 Be4+ 43. Kd2 Rb8 44. Ke3 Bg6 45. Rf6 Rb3 46. Rxc6+ Ka7 47. Nd6 Rb1 48. e6 Re1+ 49. Kd2 Rxe6 50. Nb5+ Kb7 51. Rxe6 fxe6 52. Rxg6 Kc6 53. c4 1-0

[Event "Walsrode Chessemy op-A"]
[Site "Walsrode"]
[Date "2023.03.04"]
[Round "1"]
[White "Schleicher, Guido"]
[Black "Buchinger, Alexis"]
[Result "1-0"]
[WhiteElo "2170"]
[BlackElo "1850"]
[PlyCount "61"]
[EventDate "2023.03.04"]
[EventType "swiss"]
[EventRounds "9"]
[EventCountry "GER"]
[SourceTitle "CBM 213 Extra"]
[Source "ChessBase"]
[SourceDate "2023.05.31"]
[SourceVersion "1"]
[SourceVersionDate "2023.05.31"]
[SourceQuality "1"]

1. c4 Nf6 2. g3 g6 3. Bg2 Bg7 4. Nc3 0-0 5. e4 d6 6. Nge2 c5 7. 0-0 Nc6 8. d3 a6 9. a3 Rb8 10. Rb1 b5 11. cxb5 axb5 12. b4 cxb4 13. axb4 e6 14. d4 d5 15. Bg5 Ne7 16. e5 Nd7 17. Qd2 Nb6 18. Qf4 Nc4 19. Qh4 Re8 20. Rfd1 Qd7 21. g4 Nc6 22. Rd3 f6 23. exf6 Bf8 24. Nf4 Nxb4 25. Rxb4 Bxb4 26. Ncxd5 Bd6 27. Ne7+ Rxe7 28. fxe7 Qe8 29. Rh3 h5 30. gxh5 Bxf4 31. hxg6 1-0

[Event "GER-chT U16"]
[Site "Darmstadt"]
[Date "2022.12.29"]
[Round "5"]
[White "Buchinger, Alexis"]
[Black "Mimkes, Antal"]
[Result "0-1"]
[WhiteElo "1909"]
[BlackElo "1778"]
[PlyCount "74"]
[EventDate "2022.12.26"]
[EventType "team-swiss"]
[EventRounds "7"]
[EventCountry "GER"]
[SourceTitle "CBM 212 Extra"]
[Source "ChessBase"]
[SourceDate "2023.03.31"]
[SourceVersion "1"]
[SourceVersionDate "2023.03.31"]
[SourceQuality "1"]
[WhiteTeam "Neuberg"]
[BlackTeam "Guettingen Rochade"]
[WhiteTeamCountry "GER"]
[BlackTeamCountry "GER"]

1. e4 e5 2. Nf3 Nc6 3. Nc3 Bb4 4. Nd5 Ba5 5. c3 d6 6. Bc4 Nf6 7. d3 h6 8. a4 a6 9. b4 Bb6 10. Nxb6 cxb6 11. Qb3 0-0 12. h3 Ne7 13. 0-0 Ng6 14. Re1 Nh5 15. Be3 Nhf4 16. Kh2 Qd7 17. Ng1 Kh7 18. d4 f5 19. dxe5 dxe5 20. Rad1 Qc6 21. Bxf4 Nxf4 22. g3 b5 23. axb5 axb5 24. Bf7 Ne6 25. Nf3 Rxf7 26. Nxe5 Qb6 27. Qc2 Rf6 28. exf5 Ng5 29. g4 Qc7 30. f4 Nf7 31. Ng6 Rfa6 32. Qb3 Ra2+ 33. Kg3 Qc6 34. Qxf7 Qxc3+ 35. Kh4 Qxh3+ 36. Kxh3 R8a3+ 37. Kh4 Rh2# 0-1

[Event "GER-chT U16"]
[Site "Darmstadt"]
[Date "2022.12.27"]
[Round "2"]
[White "Reichmann, Felix"]
[Black "Buchinger, Alexis"]
[Result "1/2-1/2"]
[WhiteElo "1813"]
[BlackElo "1909"]
[PlyCount "56"]
[EventDate "2022.12.26"]
[EventType "team-swiss"]
[EventRounds "7"]
[EventCountry "GER"]
[SourceTitle "CBM 212 Extra"]
[Source "ChessBase"]
[SourceDate "2023.03.31"]
[SourceVersion "1"]
[SourceVersionDate "2023.03.31"]
[SourceQuality "1"]
[WhiteTeam "Berlin Nord Ost"]
[BlackTeam "Neuberg"]
[WhiteTeamCountry "GER"]
[BlackTeamCountry "GER"]

1. c4 c5 2. g3 g6 3. Bg2 Bg7 4. Nc3 Nc6 5. d3 d6 6. e3 e5 7. Nge2 Nge7 8. b3 0-0 9. Bb2 a6 10. 0-0 Rb8 11. Qd2 b5 12. Nd5 Be6 13. f4 f5 14. Rfe1 Re8 15. e4 Nd4 16. fxe5 dxe5 17. Nxe7+ Rxe7 18. Nxd4 exd4 19. Ba3 b4 20. Bc1 Qd7 21. Qg5 Rbe8 22. Bd2 Kh8 23. Rf1 Rf7 24. Rae1 Ref8 25. Bf4 Rg8 26. Qh4 Rgf8 27. Qg5 Bf6 28. Qh6 Bg7 1/2-1/2

[Event "Heusenstamm Schloss op"]
[Site "Heusenstamm"]
[Date "2022.11.20"]
[Round "6"]
[White "Buchinger, Alexis"]
[Black "Kempe, Caius Emilian"]
[Result "1-0"]
[WhiteElo "1774"]
[BlackElo "2001"]
[PlyCount "47"]
[EventDate "2022.11.17"]
[EventType "swiss"]
[EventRounds "7"]
[EventCountry "GER"]
[SourceTitle "CBM 212 Extra"]
[Source "ChessBase"]
[SourceDate "2023.03.31"]
[SourceVersion "1"]
[SourceVersionDate "2023.03.31"]
[SourceQuality "1"]

1. e4 e6 2. d4 d5 3. Nc3 Nf6 4. Bg5 dxe4 5. Nxe4 Be7 6. Nxf6+ Bxf6 7. Bxf6 Qxf6 8. c3 0-0 9. Bd3 c5 10. Qh5 g6 11. Qxc5 Nd7 12. Qd6 Rd8 13. Nf3 b6 14. Be2 Bb7 15. 0-0 Qf5 16. Rad1 Rac8 17. Qg3 Qa5 18. Ng5 Nf8 19. Qf4 Rd7 20. a3 Rcc7 21. Ne4 Re7 22. Nf6+ Kg7 23. Ne8+ Rxe8 24. Qxc7 1-0

[Event "GER-chT Lands U20"]
[Site "Wiesbaden"]
[Date "2022.10.03"]
[Round "5.4"]
[White "Buchinger, Alexis"]
[Black "Neuhoff, Laertes"]
[Result "1-0"]
[WhiteElo "1802"]
[BlackElo "1885"]
[PlyCount "79"]
[EventDate "2022.09.30"]
[EventType "team-swiss"]
[EventRounds "7"]
[EventCountry "GER"]
[SourceTitle "CBM 210 Extra"]
[Source "ChessBase"]
[SourceDate "2022.11.30"]
[SourceVersion "1"]
[SourceVersionDate "2022.11.30"]
[SourceQuality "1"]
[WhiteTeam "Hessen U20"]
[BlackTeam "Sachsen U20"]
[WhiteTeamCountry "GER"]
[BlackTeamCountry "GER"]

1. e4 e5 2. Nf3 Nc6 3. d4 exd4 4. Nxd4 Nf6 5. Nc3 Bb4 6. Nxc6 bxc6 7. Bd3 d5 8. exd5 cxd5 9. 0-0 0-0 10. h3 h6 11. Qf3 Be6 12. Bf4 Bd6 13. Ne2 c5 14. c3 Rb8 15. b3 c4 16. Bc2 Bxf4 17. Nxf4 Qc7 18. Rfe1 Rb6 19. Rad1 Rd6 20. b4 Rfd8 21. Ne2 Qb6 22. Nd4 Nd7 23. Qe3 Nf8 24. Kh1 Re8 25. Qg3 Rdd8 26. f4 Bc8 27. f5 Nd7 28. Rxe8+ Rxe8 29. Re1 Rf8 30. Re7 Qf6 31. Qe3 Rd8 32. Re8+ Kh7 33. Rxd8 Qxd8 34. f6+ g6 35. Qe7 Qf8 36. Ba4 Kg8 37. Nc6 a6 38. Bc2 h5 39. h4 Kh7 40. Na7 1-0

[Event "GER-chT Lands U20"]
[Site "Wiesbaden"]
[Date "2022.10.02"]
[Round "4.2"]
[White "Yue, Qizhou"]
[Black "Buchinger, Alexis"]
[Result "1/2-1/2"]
[WhiteElo "1711"]
[BlackElo "1802"]
[PlyCount "108"]
[EventDate "2022.09.30"]
[EventType "team-swiss"]
[EventRounds "7"]
[EventCountry "GER"]
[SourceTitle "CBM 210 Extra"]
[Source "ChessBase"]
[SourceDate "2022.11.30"]
[SourceVersion "1"]
[SourceVersionDate "2022.11.30"]
[SourceQuality "1"]
[WhiteTeam "Rheinland Pfalz U20"]
[BlackTeam "Hessen U20"]
[WhiteTeamCountry "GER"]
[BlackTeamCountry "GER"]

1. e4 e5 2. Nf3 Nc6 3. d4 exd4 4. Nxd4 Nf6 5. Nxc6 bxc6 6. e5 Qe7 7. Qe2 Nd5 8. h4 a5 9. c4 Ba6 10. Nd2 h6 11. Qe4 Nb6 12. Bd3 Rb8 13. b3 Bb7 14. Bb2 d5 15. Qg4 Bc8 16. Qg3 Be6 17. cxd5 cxd5 18. 0-0 g5 19. h5 Bg7 20. f4 Rg8 21. f5 Bd7 22. Rac1 Qd8 23. Ba3 c6 24. f6 Bf8 25. Bxf8 Kxf8 26. e6 Bxe6 27. Rxc6 Rc8 28. Rxc8 Nxc8 29. Kh1 g4 30. Qe3 Rg5 31. Bg6 fxg6 32. Qxe6 Rxh5+ 33. Kg1 Qb6+ 34. Qxb6 Nxb6 35. Rf4 Rf5 36. Rxg4 Rxf6 37. Nf3 Ke7 38. Kf2 Kd6 39. Ke3 g5 40. Kd4 Nc8 41. Ke3 Ne7 42. Ra4 Nc6 43. g3 Kc5 44. a3 Rf7 45. Ne1 Re7+ 46. Kd2 Re4 47. Nd3+ Kb5 48. Rxe4 dxe4 49. Nf2 Nd4 50. b4 a4 51. Nxe4 Kc4 52. Nc5 Nb5 53. Nxa4 Nxa3 54. Ke2 Kxb4 1/2-1/2

[Event "EU-chT U12"]
[Site "Thessaloniki"]
[Date "2022.07.18"]
[Round "7.3"]
[White "Buchinger, Alexis"]
[Black "Misios, Konstantinos"]
[Result "1-0"]
[WhiteElo "1764"]
[BlackElo "1262"]
[PlyCount "99"]
[EventDate "2022.07.12"]
[EventType "team-swiss"]
[EventRounds "7"]
[EventCountry "GRE"]
[SourceTitle "EXT 2023"]
[Source "ChessBase"]
[SourceDate "2022.10.05"]
[SourceVersion "1"]
[SourceVersionDate "2022.10.05"]
[SourceQuality "1"]
[WhiteTeam "Germany U12"]
[BlackTeam "Greece Galaxias U12"]
[WhiteTeamCountry "GER"]
[BlackTeamCountry "GRE"]

1. e4 e5 2. Nf3 Nc6 3. Bc4 Bc5 4. c3 Nf6 5. d4 exd4 6. e5 d5 7. Bb5 Ne4 8. cxd4 Bb6 9. Nc3 0-0 10. h3 f6 11. Be3 fxe5 12. Bxc6 bxc6 13. Nxe5 Qf6 14. Qe2 Nxc3 15. bxc3 c5 16. 0-0 cxd4 17. cxd4 Bf5 18. Rac1 Rad8 19. a4 Rd6 20. Qd2 a5 21. Bg5 Qe6 22. Rfe1 Qc8 23. Nc6 Qd7 24. Re7 Qc8 25. Re3 Qd7 26. Re7 Qc8 27. Rxc7 Qe8 28. Ne7+ Kh8 29. Nxf5 Rxf5 30. Rc8 Bd8 31. Bxd8 Rxd8 32. Qc2 Rf8 33. Rxd8 Qxd8 34. Qd2 Qb6 35. Rc5 Rd8 36. Qxa5 Qd6 37. Qc7 Qxc7 38. Rxc7 Ra8 39. Rd7 Kg8 40. Rxd5 Rxa4 41. f3 Kf7 42. Rd7+ Kf6 43. Kf2 Ra2+ 44. Kg3 Ra5 45. Kf4 g5+ 46. Ke4 h5 47. Rd6+ Ke7 48. Rd5 Rxd5 49. Kxd5 Kd7 50. Ke5 1-0

[Event "EU-chT U12"]
[Site "Thessaloniki"]
[Date "2022.07.16"]
[Round "5.3"]
[White "Harasym, Danylo"]
[Black "Buchinger, Alexis"]
[Result "0-1"]
[WhiteElo "1407"]
[BlackElo "1764"]
[PlyCount "100"]
[EventDate "2022.07.12"]
[EventType "team-swiss"]
[EventRounds "7"]
[EventCountry "GRE"]
[SourceTitle "EXT 2023"]
[Source "ChessBase"]
[SourceDate "2022.10.05"]
[SourceVersion "1"]
[SourceVersionDate "2022.10.05"]
[SourceQuality "1"]
[WhiteTeam "Lvov Academy U12"]
[BlackTeam "Germany U12"]
[WhiteTeamCountry "UKR"]
[BlackTeamCountry "GER"]

1. e4 e5 2. Nf3 Nc6 3. Bc4 Bc5 4. d3 d6 5. h3 Na5 6. Bb5+ c6 7. Ba4 b5 8. Bb3 Nxb3 9. axb3 Nf6 10. Bg5 h6 11. Bh4 Bb6 12. Nc3 a6 13. Qd2 Be6 14. d4 g5 15. Bg3 b4 16. Na4 Nxe4 17. Qe3 Nxg3 18. fxg3 Qc7 19. 0-0-0 0-0-0 20. Qe2 Kb7 21. dxe5 dxe5 22. Nxb6 Qxb6 23. Nxe5 Rxd1+ 24. Rxd1 Rd8 25. Rxd8 Qxd8 26. Qe4 Qb6 27. Nf3 a5 28. Qe1 Qc5 29. Qg1 Qxg1+ 30. Nxg1 Kc7 31. Kd2 Kd6 32. g4 Bd5 33. Nf3 Be4 34. Ne1 Kd5 35. Ke3 c5 36. g3 Bg6 37. Nd3 f6 38. Ne1 c4 39. Kd2 cxb3 40. cxb3 Ke4 41. Ke2 Bf7 42. Nd3 Kd4 43. Nc1 Be8 44. Kf3 Bb5 45. Kf2 Ke4 46. Ne2 Kd3 47. Ke1 Bc6 48. h4 Bf3 49. hxg5 hxg5 50. Ng1 Bxg4 0-1

[Event "Rhein Main op-A 24th"]
[Site "Bad Homburg"]
[Date "2022.06.16"]
[Round "2"]
[White "Buchinger, Alexis"]
[Black "Zilch, Lothar"]
[Result "1-0"]
[WhiteElo "1676"]
[BlackElo "1906"]
[PlyCount "81"]
[EventDate "2022.06.15"]
[EventType "swiss"]
[EventRounds "7"]
[EventCountry "GER"]
[SourceTitle "EXT 2023"]
[Source "ChessBase"]
[SourceDate "2022.10.05"]
[SourceVersion "1"]
[SourceVersionDate "2022.10.05"]
[SourceQuality "1"]

1. e4 e5 2. Nf3 Nf6 3. Nxe5 d6 4. Nf3 Nxe4 5. d3 Nf6 6. d4 d5 7. Bd3 Bg4 8. 0-0 Be7 9. Re1 0-0 10. Bg5 Nbd7 11. Nbd2 c6 12. c3 Re8 13. Bb1 h6 14. Bh4 Bh5 15. Nf1 Ne4 16. Bxe7 Rxe7 17. Ng3 Bxf3 18. Qxf3 Nxg3 19. Rxe7 Qxe7 20. hxg3 Re8 21. Bd3 Nf6 22. Kf1 h5 23. Qf4 Ng4 24. Qd2 h4 25. Qf4 hxg3 26. Qxg4 gxf2 27. Be2 Qd6 28. Kxf2 Re6 29. Rh1 f5 30. Qh5 Qf4+ 31. Qf3 Qd2 32. Rh4 g5 33. Rh5 g4 34. Qd3 Qf4+ 35. Kg1 g3 36. Rxf5 Qc1+ 37. Rf1 Qg5 38. Qf3 Qh4 39. Qf8+ Kh7 40. Bd3+ Re4 41. Rf7+ 1-0

[Event "Rhein Main op-A 24th"]
[Site "Bad Homburg"]
[Date "2022.06.15"]
[Round "1"]
[White "Mews, Bernhard"]
[Black "Buchinger, Alexis"]
[Result "1-0"]
[WhiteElo "2020"]
[BlackElo "1676"]
[PlyCount "53"]
[EventDate "2022.06.15"]
[EventType "swiss"]
[EventRounds "7"]
[EventCountry "GER"]
[SourceTitle "EXT 2023"]
[Source "ChessBase"]
[SourceDate "2022.10.05"]
[SourceVersion "1"]
[SourceVersionDate "2022.10.05"]
[SourceQuality "1"]

1. d4 Nf6 2. Nc3 g6 3. e4 d6 4. Bf4 Bg7 5. Qd2 0-0 6. 0-0-0 c6 7. Bh6 b5 8. f3 a5 9. h4 b4 10. Nb1 Qb6 11. h5 Nbd7 12. hxg6 fxg6 13. Bxg7 Kxg7 14. Qh6+ Kf7 15. Nh3 Rg8 16. e5 dxe5 17. Bc4+ e6 18. Ng5+ Ke7 19. Bxe6 Re8 20. Rhe1 Kd8 21. dxe5 Nd5 22. Bxd5 cxd5 23. e6 Nf6 24. Qg7 Bxe6 25. Qxf6+ Kd7 26. Nxe6 Rxe6 27. Rxd5+ 1-0

[Event "GER-ch U12"]
[Site "Willingen"]
[Date "2022.06.10"]
[Round "8"]
[White "Malinowsky, Levi"]
[Black "Buchinger, Alexis"]
[Result "1/2-1/2"]
[WhiteElo "1816"]
[BlackElo "1676"]
[PlyCount "90"]
[EventDate "2022.06.04"]
[EventType "swiss"]
[EventRounds "9"]
[EventCountry "GER"]
[SourceTitle "CBM 208 Extra"]
[Source "ChessBase"]
[SourceDate "2022.07.31"]
[SourceVersion "1"]
[SourceVersionDate "2022.07.31"]
[SourceQuality "1"]

1. e4 e5 2. Nf3 Nc6 3. Bb5 a6 4. Ba4 b5 5. Bb3 Na5 6. c3 Nxb3 7. Qxb3 d6 8. a4 Bd7 9. axb5 axb5 10. Ng5 Nh6 11. Rxa8 Qxa8 12. 0-0 Be7 13. d4 Bxg5 14. Bxg5 Qxe4 15. Bxh6 gxh6 16. Nd2 Qd3 17. Qd5 Ke7 18. Ne4 Rg8 19. Nf6 Rg7 20. dxe5 Qxd5 21. Nxd5+ Kd8 22. exd6 cxd6 23. Rd1 Bc6 24. Kf1 Kd7 25. Rd4 Bxd5 26. Rxd5 Rg5 27. Rd4 Ke6 28. g3 Re5 29. f3 h5 30. Kf2 f6 31. Rh4 Kd5 32. Rb4 Ke6 33. Rd4 Ke7 34. f4 Rc5 35. Re4+ Kf7 36. Ke3 f5 37. Rd4 Ke6 38. Kd3 d5 39. Rb4 Kd6 40. Kd4 Rc4+ 41. Rxc4 dxc4 42. h3 h4 43. gxh4 h5 44. Ke3 Kc5 45. Kf3 Kd5 1/2-1/2